LEADER 00753nam0-22002891i-450- 001 990000064250403321 035 $a000006425 035 $aFED01000006425 035 $a(Aleph)000006425FED01 035 $a000006425 100 $a20011111d--------km-y0itay50------ba 101 0 $aita 105 $ay-------001yy 200 1 $a<>filatore di cotone$fCarlo Carminati. 210 $aMilano$cU. Hoepli$d1927 215 $aXI, 351 p., 8 tav.$cill.$d23 cm 610 0 $aFilatura 610 0 $aCotone (Fibra)$aFilatura 676 $a677.21 700 1$aCarminati,$bCarlo 801 0$aIT$bUNINA$gRICA$2UNIMARC 901 $aBK 912 $a990000064250403321 952 $a13 L 22 19$b7901$fFINBC 959 $aFINBC 997 $aUNINA DB $aING01 LEADER 00968nam0-22003131--450- 001 990009171570403321 005 20110928135855.0 010 $a2020064871 035 $a000917157 035 $aFED01000917157 035 $a(Aleph)000917157FED01 035 $a000917157 100 $a20100413d1983----km-y0itay50------ba 101 0 $afre 102 $aFR 105 $ay-------001yy 200 1 $a<>sorcière de Jasmin$eavec la reproduction en fac-similé de l'édition originale bilingue (1842) de la Francouneto de Jasmin$fEmmanuel Le Roy Ladurie 210 $aParis$cSeuil$d1983 215 $a281 p., 4 c. di tav.$cill.$d22 cm 225 1 $a<>univers historique 676 $a340$v11 rid.$zita 700 1$aLe Roy Ladurie,$bEmmanuel$f<1929- >$0120380 801 0$aIT$bUNINA$gRICA$2UNIMARC 901 $aBK 912 $a990009171570403321 952 $aSDI-KF 416$b3027$fSDI 959 $aSDI 996 $aSorcière de Jasmin$9780691 997 $aUNINA LEADER 01685nam0-2200421---450- 001 990002398330203316 005 20100618092323.0 035 $a000239833 035 $aUSA01000239833 035 $a(ALEPH)000239833USA01 035 $a000239833 100 $a20050211d2004----km-y0itay0103----ba 101 $aita 102 $aIT 105 $a||||||||001yy 200 1 $a"Organi esecutivi" e responsabilità nelle procedure concorsuali$fGiuseppe Petrella 210 $aSalerno$cDipartimento di Diritto dei rapporti civili ed economici nei sistemi giuridici contemporanei$d2004 215 $a381 p.$d24 cm 225 2 $aQuaderni del Dipartimento$fUniversità degli Studi di Salerno, Dipartimento di Diritto dei rapporti civili ed economici nei sistemi giuridici contemporanei$iRicerche$v43 410 0$12001$aQuaderni del Dipartimento$iRicerche$v43 454 1$12001 606 0 $aProcedure concorsuali 676 $a343.4505236 700 1$aPETRELLA,$bGiuseppe$0435013 801 0$aIT$bsalbc$gISBD 912 $a990002398330203316 951 $aII 2 30$b4900 DIRCE 951 $aXXV.1. Coll. 40/ 43 (X 29 XXV 43)$b45733 G.$cXXV.1. Coll. 40/ 43 (X 29)$d00117226 951 $aXXV.1. Coll. 40/ 43a (X 29 XXV 43)$b45734 G.$cXXV.1. Coll. 40/ 43a (X 29)$d00117231 951 $aXXV.1. Coll. 40/ 43b (X 29 XXV 43)$bXXV.1. Coll. 40/ 43b (x 29)$c45735 G.$d00117232 959 $aBK 969 $aGIU 969 $aDIRCE 979 $aDIRCE$b90$c20050211$lUSA01$h1116 979 $aCHIARA$b90$c20051206$lUSA01$h1136 979 $aRSIAV4$b90$c20100618$lUSA01$h0923 996 $a"Organi esecutivi" e responsabilità nelle procedure concorsuali$91064426 997 $aUNISA